000 00406nam a22001697a 4500
003 CEME
005 20210628203601.0
008 210201b xxu||||| |||| 00| 0 eng d
040 _c.
082 _a891.4393 HAM
100 _aHameed, A
_959074
245 _aQatil cigar
260 _aLAHORE
_bMAQBOOL ACADEMY
_c1992
300 _a302P
650 _aURDU ADAB-NOVEL-QATIL CIGAR
_966391
942 _cBK
_2ddc
999 _c574367
_d574367